000 00483nam a2200145 4500
082 _a153.93
_bBAL
100 1 _aBallard, Philip Boswood,
_949183
245 1 0 _aGroup tests of intelligence,
_cby Philip Boswood Ballard.
260 _aLondon,
_aNew York [etc.]
_bHodder and Stoughton, ltd.
_c[1922]
300 _ax, 252 p.
_billus., tables, diagrs.
_c19 cm.
526 _a0
_b0
_c0
_d153_930000000000000_BAL
650 0 _aMCE
_9379
650 0 _aPsychological tests.
_93193
942 _2ddc
_cBK
999 _c552001
_d552001